Normal view
MARC view
Entry Personal Name
001 - CONTROL NUMBER
- control field: 50318
003 - CONTROL NUMBER IDENTIFIER
- control field: ARRUPE
005 - DATE AND TIME OF LATEST TRANSACTION
- control field: 20211007102301.0
008 - FIXED-LENGTH DATA ELEMENTS
- fixed length control field: 211007|| aca||aabn | a|a d
040 ## - CATALOGING SOURCE
- Original cataloging agency: ARRUPE
- Transcribing agency: ARRUPE
100 ## - HEADING--PERSONAL NAME
- Personal name: Hempel, Carl G.
- Fuller form of name: (Carl Gustav),
- Dates associated with a name: 1905-1997
670 ## - SOURCE DATA FOUND
- Source citation: Work cat.: (ARRUPE)0: Hempel, Carl G. (Carl Gustav), 1905-1997., The philosophy of Carl G. Hempel :, 2001.